Sports Quiz

Random Sports Quiz

2014 Fantasy Football Player Rankings Quiz Stats

 Plays Quiz not verified by Sporcle

Challenge
Share
Tweet
Embed
Score 0/96 Timer 20:00
0 Plays Today
Hint Answer % Correct
Detroit Lions PTS (251.0)Mattew Stafford
100%
Detriot Lions PTS (160.1)Golden Tate
98.2%
Green Bay Packers PTS (354.1)Aaron Rodgers
98.2%
Green Bay Packers PTS (299.9)Jordy Nelson
98.2%
Chicago Bears PTS (256.3)Jay Cutler
98.2%
Chicago Bears PTS (244.6)Matt Forte
98.2%
Dallas Cowboys PTS (266.4)Tony Romo
98.2%
Green Bay Packers PTS (230.6)Eddie Lacy
96.5%
Chicago Bears PTS (176.6)Alshon Jeffery
96.5%
Dallas Cowboys PTS (294.1)Demarco Murray
96.5%
Dallas Cowboys PTS (228.0)Dez Bryant
96.5%
New York Giants PTS (269.5)Eli Manning
96.5%
Philadelphia Eagles PTS (171.4)Lesean Mccoy
94.7%
Carolina Panthers PTS (248.9)Cam Newton
94.7%
New Orleans Saints PTS (302.9)Drew Brees
94.7%
Atlanta Falcons PTS (284.0)Matt Ryan
94.7%
Atlanta Falcons PTS (193.4)Julio Jones
94.7%
Seattle Seahawks PTS (367.5)Russell Wilson
94.7%
San Francisco 49ers PTS (250.7)Colin Kaepernick
94.7%
Atlanta Falcons PTS (132.1)Roddy White
93%
Seattle Seahawks PTS (265.3)Marshwan Lynch
93%
Washington Redskins PTS (153.6)Desean Jackson
91.2%
Tampa Bay Buccaneers PTS (110.2)Vincent Jackson
91.2%
San Francisco 49ers PTS (147.7)Frank Gore
91.2%
Minnesota Vikings PTS (179.7)Teddy Bridgewater
89.5%
Washington Redskins PTS (170.9)Alfred Morris
89.5%
Miami Dolphins PTS (279.0)Ryan Tannehill
88.2%
New York Jets PTS (150.8)Geno Smith
88.2%
Buffalo Bills PTS (122.6)Fred Jackson
88.2%
Pittsburgh Steelers PTS (287.5)Leveon Bell
88.2%
Baltimore Ravens PTS (142.7)Torrey Smith
88.2%
Denver Broncos PTS (312.7)Peyton Manning
88.2%
Hint Answer % Correct
Oakland Raiders PTS (100.6)James Jones
88.2%
Kansas City Chiefs PTS (222.7)Alex Smith
88.2%
Detriot Lions PTS (164.2)Joique Bell
86%
Philadelphia Eagles PTS (191.8)Jeremy Maclin
86%
Arizona Cardinals PTS (103.6)Carson Palmer
86%
Carolina Panthers PTS (136.8)Greg Olsen
84.2%
New Orleans Saints PTS (162.9)Mark Ingram
84.2%
New Orleans Saints PTS (118.2)Marques Colston
84.2%
Philadelphia Eagles PTS (139.5)Mark Sanchez
82.5%
Carolina Panthers PTS (152.8)Kelvin Benjamin
82.5%
Miami Dolphins PTS (185.4)Lamar Miller
82.4%
Cincinnati Bengals PTS (224.5)Andy Dalton
82.4%
Cincinnati Bengals PTS (183.9)Jeremy Hill
82.4%
Pittsburgh Steelers PTS (306.2)Ben Roethlisberger
82.4%
Pittsburgh Steelers PTS (251.9)Antonio Brown
82.4%
Baltimore Ravens PTS (262.4)Joe Flacco
82.4%
Indianapolis Colts PTS (350.9)Andrew Luck
82.4%
Indianapolis Colts PTS (176.5)T.Y. Hilton
82.4%
Denver Broncos PTS (229.9)Demaryius Thomas
82.4%
Denver Broncos PTS (200.8)Emmanuel Sanders
82.4%
San Diego Chargers PTS (265.7)Philip Rivers
82.4%
Kansas City Chiefs PTS (213.0)Jamaal Charles
82.4%
Tampa Bay Buccaneers PTS (177.1)Mike Evans
80.7%
San Francisco 49ers PTS (136.6)Anquan Boldin
80.7%
Washington Redskins PTS (93.2)Pierre Garcon
78.9%
Minnesota Vikings PTS (150.2)Matt Asiata
77.2%
New York Giants PTS (127.0)Andre Williams
77.2%
New England Patriots PTS (184.4)Rob Gronkowski
76.5%
Cincinnati Bengals PTS (144.9)Giovani Bernard
76.5%
Baltimore Ravens PTS (202.9)Justin Forsett
76.5%
Houston Texans PTS (235.5)Arian Foster
76.5%
Oakland Raiders PTS (191.6)Derek Carr
76.5%
Hint Answer % Correct
Arizona Cardinals PTS (131.5)Andre Ellington
75.4%
Arizona Cardinals PTS (118.3)Michael Floyd
73.7%
St Louis Rams PTS (119.3)Tre Mason
73.7%
Seattle Seahawks PTS (101.3)Doug Baldwin
71.9%
Miami Dolphins PTS (145.8)Mike Wallace
70.6%
New York Jets PTS (134.3) Chris Ivory
70.6%
Buffalo Bills PTS (176.1)Kyle Orton
70.6%
Houston Texans PTS (180.2)Ryan Fitzpatrick
70.6%
Houston Texans PTS (155.0)DeAndre Hopkins
70.6%
Jacksonville Jaguars PTS (168.1)Blake Bortles
70.6%
San Diego Chargers PTS (154.1)Antonio Gates
70.6%
San Diego Chargers PTS (121.6)Malcom Floyd
70.6%
St Louis Rams PTS (107.5)Austin Davis
70.2%
Tampa Bay Buccaneers PTS (89.6)Mike Glennon
64.9%
New York Jets PTS (126.2)Eric Decker
64.7%
Buffalo Bills PTS (133.0)Sammy Watkins
64.7%
New England Patriots PTS (278.3)Tom Brady
64.7%
New England Patriots PTS (136.6)Brandon LaFell
64.7%
Jacksonville Jaguars PTS (90.6)Denard Robinson
64.7%
Cleveland Browns PTS (156.9)Brian Hoyer
58.8%
Cleveland Browns PTS (113.4)Isaiah Crowell
58.8%
Tennessee Titans PTS (110.9)Kendall Wright
58.8%
Indianapolis Colts PTS (125.4)Coby Fleener
58.8%
Minnesota Vikings PTS (102.2)Jerick McKinnon
54.4%
Jacksonville Jaguars PTS (103.7)Allen Hurns
52.9%
St Louis Rams PTS (94.2)Kenny Britt
49.1%
Cleveland Browns PTS (101.7)Terrance West
47.1%
Tennessee Titans PTS (113.0)Delanie Walker
47.1%
Kansas City Chiefs PTS (99.0)Knile Davis
47.1%
New York Giants PTS (204.0)Odell Beckham Jr
38.6%
Tennessee Titans PTS (87.1)Charlie Whitehurst
23.5%
Oakland Raiders PTS (93.3)Andre Holmes
17.6%

You're not logged in!

Compare scores with friends on all Sporcle quizzes.
Join for Free
OR
Log In

You Might Also Like...

Show Comments

Extras

Created May 6, 2015ReportNominate
Tags:Fantasy Football

Top Quizzes Today


Score Distribution

Your Account Isn't Verified!

In order to create a playlist on Sporcle, you need to verify the email address you used during registration. Go to your Sporcle Settings to finish the process.

Report this User

Report this user for behavior that violates our Community Guidelines.

Details: